000 00623nam a2200217Ii 4500
001 10387
003 CO-ViMGA
008 241108s9999||||xx |||||||||||||| ||und||
020 _a9500803348
040 _aCO-ViMGA
_bspa
_erda
_cCO-ViMGA
041 0 _aspa
084 _aN MON10
100 1 _aRaymond A. Montgomery
_951549
245 1 0 _aEl abominable hombre de las nieves
264 1 _aBuenos Aires, Argentina : Atlántida, 1985
300 _avolumen
336 _atext
_btxt
_2rdacontent
337 _aunmediated
_bn
_2rdamedia
338 _avolume
_bnc
_2rdacarrier
940 _aidficha_siabuc: 10141. -- ficha_no_siabuc:10387
999 _c46278
_d46278